000
00255nam a2200109 4500
082
_a
572ILA
100
_a
Ilahi, Ihsan
245
_a
Plant Physiology: Bio Chemical Processin in Plants
260
_a
Islamabad:
_b
UGC,
_c
1996.
300
_a
386p. ;
942
_c
BK
999
_c
7393
_d
7393